000
00289nam a2200109Ia 4500
008
200302s9999 xx 000 0 und d
100
_a
Kenneth Frampton & other
245
_a
Richard Meier Architect
260
_b
Rizzoli International Publications, Inc.
260
_c
2009
300
_a
427 P.,
999
_c
3118
_d
3118